Hamburg Biggest Transfers - Statistics

General Stats
  • This quiz has been taken 78 times
  • The average score is 72 of 159
Answer Stats
% Correct
Incomings Netherlands AM Rafael van der Vaart 12/13 Tottenham Hotspur
95%
Incomings Netherlands AM Rafael van der Vaart 05/06 Ajax
95%
Outgoings Netherlands AM Rafael van der Vaart 08/09 Real Madrid
95%
Incomings Serbia LM Filip Kostic 16/17 Stuttgart
90%
Outgoings Serbia LM Filip Kostic 19/20 Eintracht Frankfurt
90%
Incomings Germany LB Marcell Jansen 08/09 Bayern Munich
83%
Incomings Croatia ST Mladen Petric 08/09 Borussia Dortmund
83%
Incomings Belgium CB Vincent Kompany 06/07 Anderlecht
83%
Outgoings Belgium CB Vincent Kompany 08/09 Manchester City
83%
Incomings Turkey DM Hakan Calhanoglu 12/13 Karlsruher
80%
Outgoings Turkey DM Hakan Calhanoglu 14/15 Bayer Leverkusen
80%
Incomings Sweden ST Marcus Berg 09/10 Groningen
80%
Outgoings Sweden ST Marcus Berg 10/11 PSV
80%
Incomings Germany CB Heiko Westermann 10/11 Schalke
78%
Incomings Croatia ST Ivica Olic 06/07 CSKA Moscow
78%
Incomings Croatia ST Ivica Olic 14/15 Wolfsburg
78%
Outgoings South Korea LW Son Heung-min 13/14 Bayer Leverkusen
78%
Incomings Belgium CB Daniel Van Buyten 04/05 Marseille
75%
Outgoings Belgium CB Daniel Van Buyten 06/07 Bayern Munich
75%
Incomings Greece CB Kyriakos Papadopoulos 17/18 Bayer Leverkusen
75%
Incomings Germany CM Lewis Holtby 15/16 Tottenham Hotspur
75%
Incomings Germany CM Lewis Holtby 14/15 Tottenham Hotspur
75%
Incomings Germany GK Frank Rost 06/07 Schalke
73%
Incomings Netherlands DM Nigel de Jong 05/06 Ajax
73%
Outgoings Netherlands DM Nigel de Jong 08/09 Manchester City
73%
Outgoings Germany LM Alexander Laas 07/08 Wolfsburg
70%
Outgoings Belgium DM Amadou Onana 21/22 Lille
70%
Incomings Brazil LB Douglas Santos 16/17 Atletico Mineiro
70%
Outgoings Brazil LB Douglas Santos 19/20 Zenit
70%
Outgoings Germany ST Jann-Fiete Arp 19/20 Bayern Munich
70%
Incomings Egypt SS Mohamed Zidan 07/08 Mainz
70%
Outgoings Egypt SS Mohamed Zidan 08/09 Borussia Dortmund
70%
Incomings Germany ST Pierre-Michel Lasogga 14/15 Hertha Berlin
70%
Incomings Netherlands LW Eljero Elia 09/10 Twente
68%
Outgoings Netherlands LW Eljero Elia 11/12 Juventus
68%
Incomings Peru ST Paolo Guerrero 06/07 Bayern Munich
68%
Outgoings Peru ST Paolo Guerrero 12/13 Corinthians
68%
Incomings Switzerland DM Valon Behrami 14/15 Napoli
65%
Outgoings Switzerland DM Valon Behrami 15/16 Watford
65%
Incomings United States ST Bobby Wood 16/17 Union Berlin
63%
Outgoings United States ST Bobby Wood 18/19 Hannover
63%
Outgoings Germany CB Jonathan Tah 15/16 Bayer Leverkusen
63%
Incomings Brazil CB Cleber Reis 14/15 Corinthians
60%
Outgoings Brazil CB Cleber Reis 16/17 Santos
60%
Incomings Brazil DM Walace 16/17 Gremio
60%
Outgoings Brazil DM Walace 18/19 Hannover
60%
Incomings Sweden DM Albin Ekdal 15/16 Cagliari
58%
Outgoings Sweden DM Albin Ekdal 18/19 Sampdoria
58%
Incomings Croatia AM Alen Halilovic 16/17 Barcelona
58%
Incomings Portugal GK Daniel Heuer Fernandes 19/20 Darmstadt
58%
Incomings Germany CB Jerome Boateng 07/08 Hertha Berlin
58%
Outgoings Germany CB Jerome Boateng 10/11 Manchester City
58%
Incomings Netherlands CB Joris Mathijsen 06/07 AZ Alkmaar
58%
Outgoings Netherlands CB Joris Mathijsen 11/12 Malaga
58%
Incomings Slovakia CM Laszlo Benes 22/23 Borussia Monchengladbach
58%
Incomings Austria ST Michael Gregoritsch 15/16 Bochum
58%
Outgoings Austria ST Michael Gregoritsch 17/18 Augsburg
58%
Incomings Latvia ST Artjoms Rudnevs 12/13 Lech Poznan
55%
Incomings Netherlands CB Khalid Boulahrouz 04/05 RKC Waalwijk
55%
Outgoings Netherlands CB Khalid Boulahrouz 06/07 Chelsea
55%
Incomings Bosnia SS Sergej Barbarez 00/01 Borussia Dortmund
55%
Incomings Croatia CB Mario Vuskovic 22/23 Hajduk Split
53%
Incomings Croatia CB Mario Vuskovic 21/22 Hajduk Split
53%
Incomings Germany ST Robert Glatzel 21/22 Cardiff City
53%
Incomings Serbia DM Gojko Kacar 10/11 Hertha Berlin
50%
Outgoings Germany RB Josha Vagnoman 22/23 Stuttgart
50%
Incomings Chile DM Marcelo Diaz 14/15 Basel
50%
Outgoings Chile DM Marcelo Diaz 15/16 Celta Vigo
50%
Incomings Brazil LM Ze Roberto 09/10 Nacional
50%
Incomings Germany AM Aaron Hunt 15/16 Wolfsburg
48%
Incomings Germany ST Benjamin Lauth 04/05 1860 Munich
48%
Incomings Germany LB Dennis Aogo 08/09 Freiburg
48%
Outgoings Germany LB Dennis Aogo 14/15 Schalke
48%
Incomings France LW Jean-Luc Dompe 22/23 Zulte Waregem
48%
Incomings Switzerland CB Johan Djourou 14/15 Arsenal
48%
Outgoings Burkina Faso RW Jonathan Pitroipa 11/12 Rennes
48%
Incomings Germany AM Nicolai Muller 14/15 Mainz
48%
Incomings Germany AM Piotr Trochowski 04/05 Bayern Munich
48%
Incomings Germany RW Andre Hahn 17/18 Borussia Monchengladbach
45%
Outgoings Germany RW Andre Hahn 18/19 Augsburg
45%
Incomings Argentina LB Juan Pablo Sorin 06/07 Villarreal
45%
Incomings Germany GK Julian Pollersbeck 17/18 Kaiserslautern
45%
Outgoings Germany CM Kerem Demirbay 16/17 Hoffenheim
45%
Incomings Switzerland ST Josip Drmic 15/16 Borussia Monchengladbach
43%
Incomings Croatia DM Milan Badelj 12/13 Dinamo Zagreb
43%
Outgoings Croatia DM Milan Badelj 14/15 Fiorentina
43%
Incomings Switzerland LB Miro Muheim 22/23 St. Gallen
43%
Incomings Ghana RW Ransford Konigsdorffer 22/23 Dynamo Dresden
43%
Incomings Netherlands CB Rick van Drongelen 17/18 Sparta Rotterdam
43%
Incomings Turkey CM Berkay Ozcan 19/20 Stuttgart
40%
Outgoings Turkey CM Berkay Ozcan 20/21 Istanbul Basaksehir
40%
Incomings Germany RB Dennis Diekmeier 10/11 Nuremberg
40%
Incomings Turkey RW Gokhan Tore 11/12 Chelsea
40%
Outgoings Turkey RW Gokhan Tore 12/13 Rubin Kazan
40%
Incomings Croatia LW Ivo Ilicevic 11/12 Kaiserslautern
40%
Incomings Germany ST Luca Waldschmidt 16/17 Eintracht Frankfurt
40%
Outgoings Germany ST Luca Waldschmidt 18/19 Freiburg
40%
Incomings Albania CB Mergim Mavraj 16/17 Koln
40%
Incomings Seychelles CB Michael Mancienne 11/12 Chelsea
40%
Incomings Czech Republic CM Petr Jiracek 12/13 Wolfsburg
40%
Outgoings Japan LW Tatsuya Ito 19/20 Sint-Truiden
40%
Incomings Germany LB Tim Leibold 19/20 Nuremberg
40%
Outgoings Norway CM Per Ciljan Skjelbred 14/15 Hertha Berlin
38%
Incomings Serbia CB Slobodan Rajkovic 11/12 Chelsea
38%
Incomings Iran RW Mehdi Mahdavikia 01/02 Piroozi
35%
Incomings Iran RW Mehdi Mahdavikia 99/00 Piroozi
35%
Outgoings Croatia DM Niko Kovac 01/02 Bayern Munich
35%
Incomings Germany CM David Kinsombi 19/20 Holstein Kiel
33%
Incomings Brazil AM Thiago Neves 08/09 Fluminense
33%
Outgoings Brazil AM Thiago Neves 09/10 Al-Hilal
33%
Incomings Camerron LB Thimothee Atouba 05/06 Tottenham Hotspur
33%
Incomings Hungary AM Zoltan Stieber 14/15 Greuther Furth
33%
Incomings Argentina ST Bernardo Romeo 01/02 San Lorenzo
30%
Outgoings Argentina ST Bernardo Romeo 05/06 Osasuna
30%
Incomings Togo RW Khaled Narey 18/19 Greuther Furth
30%
Incomings Germany LB Matthias Ostrzolek 14/15 Augsburg
30%
Incomings England RW Xavier Amaechi 19/20 Arsenal
30%
Incomings Germany CM Robert Tesche 09/10 Arminia Bielefeld
28%
Incomings Germany ST Sven Schipplock 15/16 Hoffenheim
28%
Incomings Ghana ST Tony Yeboah 97/98 Leeds United
28%
Incomings Brazil CB Alex Silva 08/09 Iraty
25%
Outgoings Brazil CB Alex Silva 11/12 Flamengo
25%
Outgoings Brazil CB Alex Silva 09/10 Sao Paulo
25%
Incomings Ivory Coast ST Boubacar Sanogo 06/07 Kaiserslautern
25%
Outgoings Ivory Coast ST Boubacar Sanogo 07/08 Werder Bremen
25%
Incomings Brazil CB Ewerton 19/20 Nuremberg
25%
Incomings Czech Republic CB Tomas Ujfalusi 00/01 Sigma Olomouc
25%
Outgoings Czech Republic CB Tomas Ujfalusi 04/05 Fiorentina
25%
Incomings Czech Republic CB David Rozehnal 09/10 Lazio
23%
Incomings Belgium ST Emile Mpenza 04/05 Standard Liege
23%
Outgoings Belgium ST Emile Mpenza 05/06 Al-Rayyan
23%
Incomings Argentina AM Rodolfo Cardoso 97/98 Werder Bremen
23%
Incomings Germany LM Jorg Albertz 01/02 Rangers
20%
Outgoings Germany LM Jorg Albertz 96/97 Rangers
20%
Outgoings Germany RW Sidney Sam 10/11 Bayer Leverkusen
15%
Incomings Germany AM Thomas Doll 90/91 FC Berlin
15%
Outgoings Germany AM Thomas Doll 91/92 Lazio
15%
Outgoings Denmark DM Thomas Gravesen 00/01 Everton
15%
Outgoings Poland ST Jan Furtok 93/94 Eintracht Frankfurt
13%
Incomings Germany CB Lasse Sobiech 13/14 Borussia Dortmund
13%
Incomings Netherlands CB Nico-Jan Hoogma 98/99 Twente
13%
Incomings Netherlands RW Romeo Castelen 07/08 Feyenoord
13%
Outgoings Germany DM Fabian Ernst 00/01 Werder Bremen
10%
Outgoings Switzerland CB Stephane Henchoz 97/98 Blackburn Rovers
10%
Outgoings United States CM Benny Feilhaber 07/08 Derby County
8%
Outgoings Germany CB Dietmar Beiersdorfer 92/93 Werder Bremen
8%
Incomings Germany LM Marcel Ketelaer 00/01 Borussia Monchengladbach
8%
Incomings Czech Republic ST Marek Heinz 00/01 Sigma Olomouc
8%
Incomings Austria RM Markus Schopp 96/97 Sturm Graz
8%
Incomings Czech Republic CB Milan Fukal 00/01 Sparta Prague
8%
Outgoings Bulgaria AM Yordan Lechkov 96/97 Marseille
8%
Incomings Germany CB Bjorn Schlicke 03/04 Greuther Furth
5%
Incomings Argentina CM Cristian Ledesma 02/03 River Plate
5%
Incomings Poland RW Jacek Dembinski 97/98 Widzew Lodz
3%
Incomings Germany LM Jens Dowe 96/97 1860 Munich
3%
Incomings Nigeria ST Macauley Chrisantus 07/08 Hearts of Abuja
3%
Outgoings Germany ST Manfred Kastl 88/89 Bayer Leverkusen
3%
Incomings Senegal DM Mickael Tavares 08/09 Slavia Prague
3%
Incomings Poland CB Pawel Wojtala 96/97 Widzew Lodz
3%
No matching quizzes found
Score Distribution
Percent of People with Each Score
Percentile by Number Answered
Your Score History
You have not taken this quiz